| 000 | 00426pam a2200157 a 4500 | ||
|---|---|---|---|
| 020 |
_a- _c |
||
| 041 | _h | ||
| 082 |
_a610.72 _bPHA |
||
| 100 | _aPHADKE, M . | ||
| 245 |
_aKNOWLEDGE UPDATE PROGRAMME - MUHS TRS VOL-I / _cNULL. _hTextual Documents |
||
| 260 |
_aNULL : _bMAH. HEALTH UNI. , _c2005. |
||
| 300 |
_a54 : : _bXI ; ; _cA4 . + _eHB. |
||
| 504 | _aMEDICAL EDUCATION | ||
| 653 | _aKNOWLEDGE(GENERAL) | ||
| 930 | _a3105 | ||
| 999 |
_c797639 _d797639 |
||